<?xml version="1.0" encoding="UTF-8"?>
<record
    xmlns:xsi="http://www.w3.org/2001/XMLSchema-instance"
    xsi:schemaLocation="http://www.loc.gov/MARC21/slim http://www.loc.gov/standards/marcxml/schema/MARC21slim.xsd"
    xmlns="http://www.loc.gov/MARC21/slim">

  <leader>00885nam a2200229 a 4500</leader>
  <controlfield tag="001">81159</controlfield>
  <controlfield tag="003">BD-RjUL</controlfield>
  <controlfield tag="005">20230730130844.0</controlfield>
  <controlfield tag="008">230201s2022    bg ||||| |||| 00| 0 ben d</controlfield>
  <datafield tag="020" ind1=" " ind2=" ">
    <subfield code="a">9789848881073</subfield>
  </datafield>
  <datafield tag="035" ind1=" " ind2=" ">
    <subfield code="a">(BD-RjUL)81159</subfield>
  </datafield>
  <datafield tag="040" ind1=" " ind2=" ">
    <subfield code="a">BD-RjUL</subfield>
    <subfield code="b">eng</subfield>
    <subfield code="c">BD-RjUL</subfield>
  </datafield>
  <datafield tag="041" ind1=" " ind2=" ">
    <subfield code="a">ben</subfield>
  </datafield>
  <datafield tag="082" ind1=" " ind2=" ">
    <subfield code="2">23</subfield>
    <subfield code="a">398.2095492 </subfield>
    <subfield code="b">MOF 2022</subfield>
  </datafield>
  <datafield tag="100" ind1=" " ind2=" ">
    <subfield code="a">&#x9AE;&#x9A3;&#x9CD;&#x9A1;&#x9B2;, &#x985;&#x9A8;&#x9C1;&#x9AA;&#x9AE; &#x9B9;&#x9C0;&#x9B0;&#x9BE; </subfield>
    <subfield code="9">6453</subfield>
  </datafield>
  <datafield tag="245" ind1=" " ind2=" ">
    <subfield code="a">&#x9AB;&#x9CB;&#x995;&#x9B2;&#x9CB;&#x9B0; &#x9A4;&#x9A4;&#x9CD;&#x9A4;&#x9CD;&#x9AC; &#x993; &#x9AC;&#x9BE;&#x982;&#x9B2;&#x9BE; &#x9B2;&#x9CB;&#x995;&#x9B8;&#x9BE;&#x9B9;&#x9BF;&#x9A4;&#x9CD;&#x9AF; /</subfield>
    <subfield code="c">&#x985;&#x9A8;&#x9C1;&#x9AA;&#x9AE; &#x9B9;&#x9C0;&#x9B0;&#x9BE; &#x9AE;&#x9A3;&#x9CD;&#x9A1;&#x9B2; </subfield>
  </datafield>
  <datafield tag="260" ind1=" " ind2=" ">
    <subfield code="a">&#x9A2;&#x9BE;&#x995;&#x9BE; :</subfield>
    <subfield code="b">&#x9B6;&#x9C1;&#x9AD;&#x9CD;&#x9B0; &#x9AA;&#x9CD;&#x9B0;&#x995;&#x9BE;&#x9B6;,</subfield>
    <subfield code="c">&#x9E8;&#x9E6;&#x9E8;&#x9E8;</subfield>
  </datafield>
  <datafield tag="300" ind1=" " ind2=" ">
    <subfield code="a">&#x9EA;&#x9EA;&#x9EE; &#x9AA;&#x9C3;.;</subfield>
    <subfield code="c">&#x9E8;&#x9E8; &#x9B8;&#x9C7;&#x9AE;&#x9BF;.</subfield>
  </datafield>
  <datafield tag="650" ind1=" " ind2=" ">
    <subfield code="a">&#x9B2;&#x9CB;&#x995;&#x9B8;&#x9BE;&#x9B9;&#x9BF;&#x9A4;&#x9CD;&#x9AF; </subfield>
    <subfield code="x">&#x987;&#x9A4;&#x9BF;&#x9B9;&#x9BE;&#x9B8; </subfield>
    <subfield code="z">&#x9AC;&#x9BE;&#x982;&#x9B2;&#x9BE;&#x9A6;&#x9C7;&#x9B6;</subfield>
    <subfield code="9">6805</subfield>
  </datafield>
  <datafield tag="650" ind1=" " ind2=" ">
    <subfield code="a">Folk Literature </subfield>
    <subfield code="x">History </subfield>
    <subfield code="z">Bangladesh</subfield>
    <subfield code="9">6806</subfield>
  </datafield>
  <datafield tag="942" ind1=" " ind2=" ">
    <subfield code="2">ddc</subfield>
    <subfield code="c">BK</subfield>
  </datafield>
  <datafield tag="999" ind1=" " ind2=" ">
    <subfield code="c">81159</subfield>
    <subfield code="d">81159</subfield>
  </datafield>
  <datafield tag="952" ind1=" " ind2=" ">
    <subfield code="0">0</subfield>
    <subfield code="1">0</subfield>
    <subfield code="2">ddc</subfield>
    <subfield code="4">0</subfield>
    <subfield code="7">1</subfield>
    <subfield code="8">NFIC</subfield>
    <subfield code="a">RUCL</subfield>
    <subfield code="b">RUCL</subfield>
    <subfield code="c">Reading</subfield>
    <subfield code="d">2022-12-29</subfield>
    <subfield code="e">Rajshahi : Biddasagar</subfield>
    <subfield code="g">412.50</subfield>
    <subfield code="l">0</subfield>
    <subfield code="o">B 398.2095492  MOF 2022</subfield>
    <subfield code="r">2023-02-01 00:00:00</subfield>
    <subfield code="t">C-1</subfield>
    <subfield code="w">2023-02-01</subfield>
    <subfield code="y">BK</subfield>
  </datafield>
  <datafield tag="952" ind1=" " ind2=" ">
    <subfield code="0">0</subfield>
    <subfield code="1">0</subfield>
    <subfield code="2">ddc</subfield>
    <subfield code="4">0</subfield>
    <subfield code="7">0</subfield>
    <subfield code="8">NFIC</subfield>
    <subfield code="a">RUCL</subfield>
    <subfield code="b">RUCL</subfield>
    <subfield code="c">GEN</subfield>
    <subfield code="d">2022-12-29</subfield>
    <subfield code="e">Rajshahi : Biddasagar</subfield>
    <subfield code="g">412.50</subfield>
    <subfield code="l">20</subfield>
    <subfield code="o">B 398.2095492  MOF 2022</subfield>
    <subfield code="r">2026-01-27 00:00:00</subfield>
    <subfield code="s">2025-11-23</subfield>
    <subfield code="t">C-2</subfield>
    <subfield code="w">2023-02-01</subfield>
    <subfield code="y">BK</subfield>
  </datafield>
  <datafield tag="952" ind1=" " ind2=" ">
    <subfield code="0">0</subfield>
    <subfield code="1">0</subfield>
    <subfield code="2">ddc</subfield>
    <subfield code="4">0</subfield>
    <subfield code="7">0</subfield>
    <subfield code="8">NFIC</subfield>
    <subfield code="a">RUCL</subfield>
    <subfield code="b">RUCL</subfield>
    <subfield code="c">GEN</subfield>
    <subfield code="d">2023-06-07</subfield>
    <subfield code="e">Rajshahi : Biddasagar</subfield>
    <subfield code="g">412.50</subfield>
    <subfield code="l">12</subfield>
    <subfield code="o">B 398.2095492  MOF 2022</subfield>
    <subfield code="r">2026-01-20 00:00:00</subfield>
    <subfield code="s">2025-12-11</subfield>
    <subfield code="t">C-3</subfield>
    <subfield code="w">2023-07-30</subfield>
    <subfield code="y">BK</subfield>
  </datafield>
  <datafield tag="952" ind1=" " ind2=" ">
    <subfield code="0">0</subfield>
    <subfield code="1">0</subfield>
    <subfield code="2">ddc</subfield>
    <subfield code="4">0</subfield>
    <subfield code="7">0</subfield>
    <subfield code="8">NFIC</subfield>
    <subfield code="a">RUCL</subfield>
    <subfield code="b">RUCL</subfield>
    <subfield code="c">GEN</subfield>
    <subfield code="d">2023-06-07</subfield>
    <subfield code="e">Rajshahi : Biddasagar</subfield>
    <subfield code="g">412.50</subfield>
    <subfield code="l">11</subfield>
    <subfield code="o">B 398.2095492  MOF 2022</subfield>
    <subfield code="r">2026-01-15 00:00:00</subfield>
    <subfield code="s">2026-01-06</subfield>
    <subfield code="t">C-4</subfield>
    <subfield code="y">BK</subfield>
  </datafield>
  <datafield tag="952" ind1=" " ind2=" ">
    <subfield code="0">0</subfield>
    <subfield code="1">0</subfield>
    <subfield code="2">ddc</subfield>
    <subfield code="4">0</subfield>
    <subfield code="7">0</subfield>
    <subfield code="8">NFIC</subfield>
    <subfield code="a">RUCL</subfield>
    <subfield code="b">RUCL</subfield>
    <subfield code="c">GEN</subfield>
    <subfield code="d">2023-06-07</subfield>
    <subfield code="e">Rajshahi : Biddasagar</subfield>
    <subfield code="g">412.50</subfield>
    <subfield code="l">13</subfield>
    <subfield code="o">B 398.2095492  MOF 2022</subfield>
    <subfield code="r">2026-01-19 00:00:00</subfield>
    <subfield code="s">2026-01-05</subfield>
    <subfield code="t">C-5</subfield>
    <subfield code="y">BK</subfield>
  </datafield>
</record>
